| 000 | 01381nam a2200301Ia 4500 | ||
|---|---|---|---|
| 001 | 23604 | ||
| 003 | IT-RoPAU | ||
| 008 | 130308s9999 xx 000 0 und d | ||
| 040 | _aIT-RoPAU | ||
| 040 | _cIT-RoPAU | ||
| 041 | _aITALIANO | ||
| 100 | _aDe Natale Marco | ||
| 100 | _gCodice Aut. SPICS: 814 | ||
| 245 | _aAnalisi musicale (L')-Modello o occasione? | ||
| 245 | _bAnalisi Musicale (L')-Modello o Occasione? | ||
| 250 | _a1a ed. | ||
| 260 | _aNAPOLI | ||
| 260 | _bMorano | ||
| 260 | _c1981 [1° Ed.:1981 - Ed.Ling.Originale:1981] | ||
| 300 | _a"160 p. (prefazione: no ; testo: 160)" | ||
| 500 | _aSaggio su Robert Schumann presentazione di Enrico Fubini Melodia Armonia integrazione Diastematica Cadenze ritmo e Forma pensiero Musicale Spielfiguren Schumaniane Struttura di Melodicità Schumaniana Processi Adattivi del Pianismo Poetico Fondale del Contenutismo figure Musicali Dalla Mimica del motivo maschera al Tema carattere Variazioni Come Metamorfosi dal Mito del Volkslied Alla Rigenerazione della Forma voce Umana Comehumus dell'invenzione Schumaniana Pregnanza figurativa del motivo Novellistica Riformulazione ideologica della Forma Genere Come fondamento della Forma Forma Oggetto Come Linguaggio | ||
| 650 | _aAUTORI/OPERE DI MUSICA | ||
| 650 | _eCodice materia Spics: 7007 | ||
| 942 | _cBK | ||
| 957 | _71 | ||
| 999 |
_c73734 _d73734 |
||
| 999 | _bSI | ||
| 999 | _g1 | ||